000 00925cam a2200277 4500
008 090401t1986 xxu||||| |||| 00| 0 eng d
020 _a0919088287
035 _a(Sirsi) u13474
041 _aeng
050 _a526.9
110 _aFederation International Des Geometres
245 _aXVIII International Congress of Surveyors June 1 to 11, 1986, Toronto, Canada: supplementary volume 10
260 _aOttawa
_bFIG
_c1986
300 _a575p. : ill. ; 21cm.
350 _a0
520 _aIncludes papers by Kennie,T.J.M. ; Milne,P.H. ; Bullard, R.K. Dixon-Gough,R.W. ; Punch,K ; Cross,P.A. ; Williams,D.C. Penfold,A.B. Schofield,W.
650 _aENGINEERING SURVEYING
650 _aFIG CONGRESS TORONTO 1986
650 _aLAND SURVEYING
650 _aMICRO FIX
650 _aMICROWAVE POSITIONING SYTEMS
650 _aREMOTE SENSING
650 _aSATELLITE SURVEYING
942 _n0
948 _c04/03/1997
999 _c87100
_d87100